Manažéri na prenájom

Interim manažér a jeho poslanie vo firme. Dôvera v dočasných manažérov. Koľko berú za deń.

Na minha lista:
Detalhes bibliográficos
Autor principal: Švorcová, Petra
Formato: Capítulo de Livro
Idioma:eslovaco
Assuntos:
Tags: Adicionar Tag
Sem tags, seja o primeiro a adicionar uma tag!

MARC

LEADER 00000naa a2200000 4500
001 0157950
005 20231113075852.4
041 0 |a slo 
044 |a SK 
245 1 0 |a Manažéri na prenájom  |c Petra Švorcová 
520 |a Interim manažér a jeho poslanie vo firme. Dôvera v dočasných manažérov. Koľko berú za deń. 
610 2 0 |a firmy 
610 2 0 |a manažéri 
610 2 0 |a manažment krízový 
100 1 |a Švorcová, Petra